00999cam a2200313 a 45000010005000000030006000050050017000110080041000280100017000690200015000860400023001010420009001240500021001330820010001541000026001642450087001902500046002772600037003233000048003604900030004085050008004385200094004465210020005405210020005606500034005806500013006146510018006277000040006453516FISKH20240315102839.0920225s1992 ilua j 000 0 eng  a 92007405  a0516241451 aDLCcDLCdDLCbeng alcac00aQB602.F68b 199200a523.41 aFowler, Allaneauthor14aThe sun's family of planets /cby Allan Fowler ; consultants, Robert L. Hillerich  aFirst Scholastic printing , February 2002 aNew York : bScholastic, c1992  a31 pages : bcolor illustrations ; c19 cm. aRookie read-about science aJ  aProvides brief information about each of the nine planets that makes up our solar system.8 a470 bLexile 8 aJ bRaz-Plus  0aPlanetsxJuvenile literature. 1aPlanets. 1aSolar system. aHillerich , Robert L. econsultant